000 00695nam a2200217Ia 4500
003 IN-BaIIA
008 211028s9999 xx 000 0 eng d
020 _a978-0-387-26168-3
040 _cIIA Library
080 _a535
_bMOL
100 _aMoller, K. D.
_927126
245 0 _aOptics
_blearning by computing with examples, using Mathcad, Matlab, Mathematica, and Maple
_cK. D. Moller
250 _a2nd ed.
260 _aNew York
_bSpringer
_c2007
300 _axvi, 453p.
650 _aGeometrical optics - data processing
_931448
650 _aMaple
_920596
650 _aMathCAD
_931449
650 _aMATLAB, Mathematics
_931450
942 _cBK
999 _c16836
_d16836